000 01602cam a22003974a 4500
001 15870164
003 OSt
005 20140310182519.0
008 090813s2010 mdua b 001 0 eng
010 _a 2009033465
016 7 _a101513169
_2DNLM
020 _a9781585281725
020 _a1585281727
035 _a(OCoLC)ocn432240586
040 _aDNLM/DLC
_cDLC
_dYDX
_dNLM
_dDLC
042 _apcc
050 0 0 _aRS 92
_b.C27 2010
100 1 _aCarter, Jean.
_99312
245 1 0 _aPharmacy in public health :
_bbasics and beyond /
_cJean Carter, Marion Slack.
260 _aBethesda, MD :
_bAmerican Society of Health-System Pharmacists,
_cc2010.
300 _a390 p. :
_bill. ;
_c26 cm.
500 _aIncludes bibliographical references and index.
650 0 _aPharmacy.
_97408
650 0 _aPublic health.
_98305
650 1 2 _aCommunity Pharmacy Services.
_98659
650 2 2 _aPublic Health.
_98305
700 1 _aSlack, Marion.
_99313
710 2 _aAmerican Society of Health-System Pharmacists.
_99314
856 4 2 _3Contributor biographical information
_uhttp://www.loc.gov/catdir/enhancements/fy1112/2009033465-b.html
856 4 2 _3Publisher description
_uhttp://www.loc.gov/catdir/enhancements/fy1112/2009033465-d.html
856 4 1 _3Table of contents only
_uhttp://www.loc.gov/catdir/enhancements/fy1112/2009033465-t.html
906 _a7
_bcbc
_corignew
_d1
_eecip
_f20
_gy-gencatlg
942 _2lcc
_cSSLC
999 _c14005
_d14005